Central Library OPAC University of Rajshahi

Portuguese India in the mid-seventeenth century / (Record no. 26798)

MARC details
000 -LEADER
fixed length control field 00976cam a2200301 a 4500
001 - CONTROL NUMBER
control field 26798
003 - CONTROL NUMBER IDENTIFIER
rucl marc code BD-RjUL
005 - DATE AND TIME OF LATEST TRANSACTION
control field 20211209051052.0
008 - FIXED-LENGTH DATA ELEMENTS--GENERAL INFORMATION
fixed length control field 140323s1980 ii b b 00110 eng d
035 ## - SYSTEM CONTROL NUMBER
System control number (BD-RjUL)26869
System control number 1643441
040 ## - CATALOGING SOURCE
Original cataloging agency BD-RjUL
Language of cataloging eng
Transcribing agency BD-RjUL
041 ## - LANGUAGE CODE
Language code of text/sound track or separate title eng
082 00 - DEWEY DECIMAL CLASSIFICATION NUMBER
Classification number 954.799
Edition number 19
Author mark and year BOP 1980
100 1# - MAIN ENTRY--PERSONAL NAME
Personal name Boxer, C. R.
Fuller form of name (Charles Ralph),
Dates associated with a name 1904-2000.
9 (RLIN) 82373
245 10 - TITLE STATEMENT
Title Portuguese India in the mid-seventeenth century /
Statement of responsibility, etc. C.R. Boxer.
260 ## - PUBLICATION, DISTRIBUTION, ETC. (IMPRINT)
Place of publication, distribution, etc. Delhi :
Name of publisher, distributor, etc. Oxford University Press,
Date of publication, distribution, etc. c1980.
300 ## - PHYSICAL DESCRIPTION
Pagination x, 57 p. :
Illustrations maps ;
Size 23 cm.
500 ## - GENERAL NOTE
General note "Heras memorial lectures."
General note Maps on lining papers.
504 ## - BIBLIOGRAPHY, ETC. NOTE
Bibliography, etc Includes bibliographical references and index.
650 #0 - SUBJECT ADDED ENTRY--TOPICAL TERM
Topical term or geographic name as entry element Portuguese
Geographic subdivision India
General subdivision History
Chronological subdivision 17th century.
9 (RLIN) 82375
651 #0 - SUBJECT ADDED ENTRY--GEOGRAPHIC NAME
Geographic name Goa, Daman and Diu (India)
General subdivision History.
9 (RLIN) 82376
942 ## - ADDED ENTRY ELEMENTS (KOHA)
Source of classification or shelving scheme Dewey Decimal Classification
Koha item type Books
Holdings
Lost status Source of classification or shelving scheme Damaged status Not for loan Collection code Permanent Location Current Location Shelving location Date acquired Source of acquisition Cost, normal purchase price Total Checkouts Full call number Date last seen Copy number Koha item type
  Dewey Decimal Classification   Added to bundle Non-fiction Central Library, University of Rajshahi Central Library, University of Rajshahi Reading Room 23/01/1985 tulip 22.50   954.799 BOP 1980 23/03/2014 C-1 Books